Ο εθνικισμός στην Ευρώπη
Saved in:
| Main Author: | |
|---|---|
| Other Authors: | |
| Format: | Book |
| Language: | Greek English |
| Published: |
Αθήνα :
Θεμέλιο,
1995.
|
| Series: | Μικρή ιστορική βιβλιοθήκη
|
| Subjects: | |
| Tags: |
Add Tag
No Tags, Be the first to tag this record!
|
MARC
| LEADER | 00000cam a2200000 i 4500 | ||
|---|---|---|---|
| 001 | 1/5217 | ||
| 008 | 960520s1995 gr | ||| |||| ||gre|| | ||
| 020 | |a 9603101966 | ||
| 035 | |l 10015927 | ||
| 040 | |a GR-MyUA |b gre |e AACR2 | ||
| 041 | 1 | |a gre |h eng | |
| 082 | 0 | |a 320.54094 | |
| 100 | 1 | |a Woolf, S. J. |q (Stuart Joseph) | |
| 245 | 1 | 2 | |a Ο εθνικισμός στην Ευρώπη / |c Stuart Woolf ; μετάφραση Εφη Γαζή ; πρόλογος Αντώνης Λιάκος. |
| 260 | |a Αθήνα : |b Θεμέλιο, |c 1995. | ||
| 300 | |a 83 σ. | ||
| 490 | 1 | |a (Μικρή Ιστορική Βιβλιοθήκη) | |
| 500 | |a Τίτλος πρωτοτύπου: Nationalism in Europe. | ||
| 504 | |a Περιέχει βιβλιογραφία. | ||
| 650 | 0 | 0 | |a Nationalism |z Europe |x History. |
| 650 | 0 | 0 | |a Nationalism. |
| 650 | 0 | 0 | |a Nationalism |z Europe. |
| 700 | 1 | |a Γαζή, Έφη, |e trlf | |
| 830 | 0 | |a Μικρή ιστορική βιβλιοθήκη | |
| 852 | |a INST |b LESVOS |e 19960520 |h 320.54094 WOO |p 005100010202 |q 005100010202 |t BK |y 0 | ||
| 852 | |a INST |b LESVOS |e 19960520 |h 320.54094 WOO |p 005100010203 |q 005100010203 |t BK |y 4 |x 20210122 | ||
| 852 | |a INST |b LESVOS |e 19960520 |h 320.54094 WOO |p 005100010204 |q 005100010204 |t BK |y 0 | ||
| 852 | |a INST |b RHODES |e 19980522 |h 320.54094 WOO |p 005400006564 |q 005400006564 |t BK |y 0 | ||
| 901 | |a BIBL-1998-2 | ||
| 909 | |a Λ |b 044218 | ||
| 909 | |a Ρ |b 053311 | ||
| 922 | |a 4ΕΛΗ |b 199801 |c ΚΠΣ/ΔΕ |d EMVASIS | ||